1292 1606 1173 1617 1734 1766 1914 1195 1846 1931 1208 1623 1820 1477 1643 1095 1075 1224 1135 1823 1474 1838 1455 1396 1295 1404 1124 1377 1295 1628 1265 1873 1424 1591 1940 1428 1001 1802 1299 1758 1525 1097 1189 1593 1329 1423 1943 1937 1393 1926 1941 1747 1620 1398 1746 1512 1317 1920 1084 1992 1732 1008 1711 1041 1471 1436 1321 1353 1731 1860 1906 1748 1982 1731 1178 1480 1137 1586 1432 1951 1596 1314 1571 1858 1418 1779 1089 1548 1193 1137 1000 1282 1104 1985 1496 1439 1323 1008 1421 BCNSPRNW ULIB Ver.6.0+V

เปลี่ยนเป็นภาษาไทย

Change to English
 แสดงรายละเอียดบรรณานุกรม
  กลับหน้าหลัก

Brief Record : Get Marc (ISO 2709) : E-mail record : QR code < ปิดหน้าต่าง
LEADER : 00000nam 2200000uu 4500
001    13399113607
003     ULIB
008    111207s2553||||th 000 0 tha d
020    ^a9786165010030
090    ^aนว.^bช543ว 2553
100 0  ^aชิชา
245 00 ^aวานคุณนายเป็นสายลับ ตอน ภารกิจวัดใจ/^cชิชา
250    ^aพิมพ์ครั้งที่ 1
260    ^aกรุงเทพฯ :^bPrincess,^c2553
300    ^a344 หน้า
710 1  ^aPrincess
945    ^p230^l0^i16659
995    ^aทศพร
999 ^a ทศพร
รายการนี้ยังไม่มีแท็ก
คุณยังไม่ได้ล็อกอิน คุณสามารถมีกิจกรรมร่วมกับเว็บไซต์ได้ แต่ต้องล็อกอินก่อน ::
  ล็อกอิน

รายการสื่อสารสนเทศ

ลำดับที่ ประเภท เลขเรียก/บาร์โค้ด สถานที่ สถานะ
1. นวนิยาย
นวนิยาย
นว. ช543ว 2553 ฉ.1 
  Barcode: 16659
ห้องสมุดวิทยาเขตสวรรค์ประชารักษ์
►นวนิยาย
บนชั้น
  ขอยืม

BibComment


ยังไม่เคยถูกคอมเมนท์

คอมเมนท์ทรัพยากรรายการนี้
  คอมเมนท์: วานคุณนายเป็นสาย..


 Copyright 2026. Bcnsprnw @Library